Ψυχολογικά προβλήματα της παιδικής ηλικίας : πλήρης οδηγός για όλους τους ενδιαφερομένους

Αποθηκεύτηκε σε:
Λεπτομέρειες βιβλιογραφικής εγγραφής
Κύριος συγγραφέας: Herbert, Martin
Μορφή: Βιβλίο
Γλώσσα:Greek
English
Δημοσίευση: Αθήνα : Ελληνικά Γράμματα, 1992.
Σειρά:Εφαρμοσμένη ψυχολογία (Ελληνικά Γράμματα) 1
Θέματα:
Ετικέτες: Προσθήκη ετικέτας
Δεν υπάρχουν, Καταχωρήστε ετικέτα πρώτοι!

MARC

LEADER 00000cam a2200000 i 4500
001 1/77191
008 960805s1992 gr | ||| |||| ||gre||
020 |a 9607019180 
035 |a 1993  |b 1  |c Πολεμικός  |l 10032599 
040 |a GR-MyUa  |b gre   |e AACR2  
041 1 |a gre  |h eng 
082 7 |a 155.453   |2 (22)  
100 1 |a Herbert, Martin. 
245 1 0 |a Ψυχολογικά προβλήματα της παιδικής ηλικίας :   |b πλήρης οδηγός για όλους τους ενδιαφερομένους /   |c Martin Herbert ; επόπτης ελληνικής έκδοσης: Ιωάννης Ν. Παρασκευόπουλος.  
260 |a Αθήνα :   |b Ελληνικά Γράμματα,   |c 1992.  
490 1 |a (Εφαρμοσμένη ψυχολογία / Ελληνικά Γράμματα ;   |v 1)  
500 |a Τίτλος πρωτοτύπου: Problem of childhood: a complete guide for all concerned. 
650 0 |a Problem children. 
650 0 |a Child psychology. 
700 1 |a Παρασκευόπουλος, Ιωάννης Ν.,   |d 1933-  |e oth 
830 0 |a Εφαρμοσμένη ψυχολογία (Ελληνικά Γράμματα)  |v 1 
852 |a INST  |b RHODES  |e 19960805  |h 155.453 HER  |p 005400009450  |q 005400009450  |t BK  |y 0  |z τ.1 
852 |a INST  |b RHODES  |e 19960805  |h 155.453 HER  |p 005400009452  |q 005400009452  |t BK  |y 0  |z τ.2 
852 |a INST  |b RHODES  |e 19960805  |h 155.453 HER  |p 005400009450  |q 005400009450  |t BK  |v τ.1:  |y 0  |z τ.1 
852 |a INST  |b RHODES  |e 19960805  |h 155.453 HER  |p 005400009452  |q 005400009452  |t BK  |v τ.2:  |y 0  |z τ.2 
853 |a INST  |b RHODES  |h 155.453 HER 
970 |z 1996/08/05